000 00782cam a22002057i 4500
005 20251108173125.0
008 250721s2004 a gr 000 0 ara d
020 _a9960109879
082 1 4 _a004.07
_bه ي ب
100 1 _aأبو هيبه، إياد
_eمؤلف
245 1 0 _aالكمبيوتر و مهاراته الأساسية :
_bالإستفادة القصوى من مزايا الكمبيوتر بأسهل الطرق و أسرعها -الكتاب الأول /
250 _aالطبعة الاولى,
264 1 _aالرياض :
_bمزايا.com,
_c2004.
300 _a66صفحة.
490 0 _aتعلم الكمبيوتر مع mazaia.com
650 1 7 _aالحواسيب
650 1 7 _aالحاسبات الإلكترونية
942 _2ddc
_cBK
999 _c96604
_d96604